El instrumentalismo jurd̕ico en Estados Unidos

Detalles Bibliográficos
Autor principal: Přez Lled,̤ Juan A.
Formato: eBook
Lenguaje:español
Publicado: Lima : Palestra Editores, 2008
Materias:
Acceso en línea:http://www.vlex.com/source/11061

MARC

LEADER 00000nam a22000007a 4500
005 20130426120427.0
007 cr|||| ||||
008 130426e2008 pe |||||s|||| 00||0 spa d
020 |a 978-9972-224-85-0 
035 |a 11061 
040 |a vLex 
090 |c 4192  |d 4192 
100 1 0 |a Přez Lled,̤ Juan A.  
245 1 3 |a El instrumentalismo jurd̕ico en Estados Unidos  |c / Juan A. Přez Lled ̤  |h [Recurso electrn̤ico] 
256 |a Servicio en ln̕ea 
260 |a Lima :  |b Palestra Editores,   |c 2008 
300 |a 1 Recurso electrn̤ico 
506 |d vLex Global  |d vLex Global (Academic Edition, excluding Law Schools)  |d vLex Global (U.S. Academic Edition, Law Schools)  |d vLex Global (U.S. Academic Edition, excluding Law Schools)  |d vLex Global (Academic Edition, Law Schools) 
650 0 4 |a Filosofa̕ del Derecho 
650 0 4 |a Teora̕ General del Derecho 
650 0 4 |a Historia del Derecho  |z Estados Unidos 
740 |a vLex Libros (Servicio en ln̕ea) 
856 |a Acceso restringido  |u http://www.vlex.com/source/11061 
942 |c BOOK